ACC College Basketball Teams - Statistics

General Stats
  • This quiz has been taken 215 times
  • The average score is 12 of 15
Answer Stats
Team % Correct
Duke
98%
North Carolina
94%
Clemson
85%
Virginia
83%
NC State
82%
Syracuse
79%
Boston College
77%
Virginia Tech
77%
Wake Forest
77%
Florida State
75%
Louisville
72%
Georgia Tech
71%
Miami
70%
Pitt
67%
Notre Dame
66%
No matching quizzes found
Score Distribution
Percent of People with Each Score
Percentile by Number Answered
Your Score History
You have not taken this quiz